Step-by-step excel 5.0

Bibliographic Details
Main Author: Nugus, Sue
Other Authors: Harris, Steve
Format: Book
Published: Oxford : Newtech , 1995
Subjects:

MARC

LEADER 00000cam a2200000 7i4500
001 0000009634
002 000010497
005 20000330.0
020 |a 0750618108 
090 0 0 |a 005.369   |b NUG 
100 1 |a Nugus, Sue 
245 1 0 |a Step-by-step excel 5.0   |c Sue Nugus and Steve Harris 
260 |a Oxford :   |b Newtech ,   |c 1995 
300 |a 280 p. :   |b ill ;   |c 25 cm. 
630 0 0 |a Microsoft Excel for Windows 
650 0 0 |a Business   |x Computer programs 
650 0 0 |a Electronic spreadsheets 
700 1 |a Harris, Steve 
999 |a 042024   |b BUKU   |c PINJAMAN   |e PERPUSTAKAAN KOMUNITI PETALING JAYA